10 arts, 10 questions #6 - Culture générale - Statistiques

Statistiques générales
  • Ce quiz a été pris 138 fois
  • Le résultat moyen est 8 sur 15
Statistiques - réponses
Nom de l'art Indice Réponse % Correct
8e art : Arts médiatiques Journal satirique français frappé par un attentat islamiste le 7 janvier 2015 Charlie Hebdo
96%
3e art : Arts visuels Artiste peintre mexicaine connue pour ses peintures murales, mais aussi pour son engagement politique et ses convictions féministes Frida Kahlo
84%
6e art :Arts de la scène Les 3 grands groupes de voix masculines à l'opéra sont ... Ténor
79%
7e art : Cinéma Réalisateur des films Inception, Interstellar et Oppenheimer Christopher Nolan
76%
2e art :Sculpture Cette statue de bronze située à proximité de Grand-Place de Bruxelles représente un petit garçon nu en train d'uriner Manneken-Pis
76%
6e art :Arts de la scène Les 3 grands groupes de voix masculines à l'opéra sont ... Baryton
66%
1e art :Architecture De son vrai nom Charles-Édouard Jeanneret-Gris, cet architecte suisse naturalisé français est la base de la Cité Radieuse à Marseille Le Corbusier
65%
5e art :Littérature Duo de poètes français du XIXé siècle qui ont vécu une relation tumultueuse et même dramatique en France, à Londres puis à Bruxelles Arthur Rimbaud
62%
5e art : Littérature Duo de poètes français du XIXé siècle qui ont vécu une relation tumultueuse et même dramatique en France, à Londres puis à Bruxelles Paul Verlaine
59%
6e art : Arts de la scène Les 3 grands groupes de voix masculines à l'opéra sont ... Basse
40%
4e art : Musique Nom du concert donné le 13 juillet 1985 en Angleterre pour lutter contre la famine éthiopienne, rassemblant entre autre Queen, U2, David Bowie, Sting, Dire Straits, The Who ou encore Elton John Live Aid
32%
10e art : Jeux vidéos Soeurs qui sont les héroïnes de la série Arcane et personnages du jeu League of Legends dont la série est dérivée Jinx / Powder
28%
10e art :Jeux vidéos Soeurs qui sont les héroïnes de la série Arcane et personnages du jeu League of Legends dont la série est dérivée Vi
24%
9e art : Bande dessinée Nom de la série de bande dessinée et du tome dans lesquels les Schtroumpfs" apparaissent pour la première fois en tant que personnages secondaires en 1958 Nom de la série : Johan et Pirlouit
19%
9e art :Bande dessinée Nom de la série de bande dessinée et du tome dans lesquels les Schtroumpfs" apparaissent pour la première fois en tant que personnages secondaires en 1958 Nom du 16e tome : La Flûte à sixschtroumpfs / La Flûte à six trous
9%
Aucun quiz correspondant
Distribution des résultats
% des personnes avec chaque résultat
Percentile par nombre de réponses
Votre historique - résultats
Vous n’avez pas pris ce quiz